| 000 | 00389cam a2200169ua 4500 | ||
|---|---|---|---|
| 020 | _c1.55 | ||
| 041 |
_aeng _h |
||
| 082 |
_a822 _bCOC/TE |
||
| 100 | _aCocks, S.W . | ||
| 245 |
_aTen plays of Shakespeare / _cS.W.Cocks. _hTextual Documents |
||
| 260 |
_aBombay : _bK&J Cooper , _c1962. |
||
| 300 | _a190 ; . | ||
| 365 | _a1.55 | ||
| 504 | _a | ||
| 942 | _cBK | ||
| 999 |
_c679 _d679 |
||